000 00450nam a22001577a 4500
005 20251028171658.0
008 251028b |||||||| |||| 00| 0 eng d
020 _a8171791638
050 _aRT62 GUP
100 _aGupta, L. C.
245 _aPractical Nursing Procedure
_cL. C. Gupta & U. C. Sahu
260 _aNew Delhi
_bJaypee Brothers Medical Publishers
_c2004
300 _aix. 433p.
_bill.
_c21.5cm
700 _aSahu, U. C.
942 _2lcc
_cBK
_n0
999 _c7870
_d7870